Statistics for Top 15 Countries with Covid-19 Deaths - 8 November

Click here to take the quiz!

General Stats

  • This quiz has been taken 18 times
  • The average score is 15 of 20

Answer Stats

country% Correct
United Kingdom
100%
United States
100%
Brazil
94%
India
94%
Italy
94%
Mexico
94%
Spain
94%
Argentina
88%
France
88%
Russia
82%
South Africa
76%
Colombia
71%
Iran
71%
Belgium
65%
Peru
65%
Chile
53%
Ecuador
41%
Indonesia
41%
Bolivia
35%
Panama
29%

Score Distribution

Percentile by Number Answered

Percent of People with Each Score

Your Score History

You have not taken this quiz